|
|
|
|
| LEADER |
00000nam a2200000 a 4500 |
| 001 |
vtls001290088 |
| 003 |
SK-MaSNL |
| 005 |
20260301155428.0 |
| 008 |
251124s1993 HU 0 hun |
| 020 |
|
|
|c [50,00]
|
| 035 |
|
|
|a SNK000241717
|
| 040 |
|
|
|a SNK
|b slo
|c SNK
|e AACR2
|
| 044 |
|
|
|a HU
|
| 080 |
|
|
|a 930.85(439:436)"17"(082)
|2 1. stred slo
|
| 245 |
1 |
|
|a A magyar felvilágosodás és osztrák, német kapcsolatai
|b [1993. júniusában Gödöllőn tartott nemzetközi konferencia előadásai]f[szerkesztette: Darai Lajos]
|
| 260 |
|
|
|a S.l.
|b Gate
|c [1994]
|
| 300 |
|
|
|a 112 s.
|c 30 cm
|
| 500 |
|
|
|a Súbež. názov a čiast. text nem.
|
| 650 |
0 |
7 |
|a osvietenstvo (filozofia)
|2 SNK
|9 4039
|
| 700 |
1 |
|
|a Darai, Lajos
|4 upr
|9 519665
|
| 999 |
|
|
|c 800939
|d 802869
|
| 952 |
|
|
|t P60, <04>, [BOOK], {604}
|a SNK
|b SNK
|y VYP
|7 0
|p 17A0069653
|o snkIB 69722
|i snkV 1403/97
|0 0
|1 0
|4 0
|d 1997-06-13
|l 0
|r 2005-01-02 00:00:00
|w 2026-02-24
|